000 00543nam a22001217a 4500
008 110624t xxu||||| |||| 00| 0 eng d
010 _aHCCSF95
245 _aHigh Court Civil Suits No. 61 OF 2002 and No. 295 OF 2002 Maria Nakimera Nassanga Vs Teddy Nakawesa and 3 others
260 _c2002
500 _aBefore: V.F. MUSOKE-KIBUUKA (JUDGE)
999 _c3814
_d3814